000 00484nam a2200145Ia 4500
008 100204s9999 xx 000 0 und d
082 _b12969
100 _aखरे सुरेश
245 _aती वेळच तशी होती
260 _b"प्रज्ञा प्रकाशन , मुंबई"
_c1989
300 _a51
630 _aती वेळच तशी होती
730 _aती वेळच तशी होती
942 _cBOOK
999 _c457401
_d457398